| 000 | 01057nam a22002535i 4500 | ||
|---|---|---|---|
| 001 | 164319 | ||
| 003 | ES-MaACL | ||
| 005 | 20230906212920.0 | ||
| 008 | 040831s1839 fr |||| | fre d | ||
| 040 |
_aCAM _bspa _cCAM |
||
| 100 | 1 |
_aSaint-Germain-Leduc ( _d1799-18.) _9155285 |
|
| 245 | 1 | 0 |
_aEntretiens sur l'histoire moderne / _cpar Saint-Germain-Leduc. |
| 260 |
_aParis : _bchez Pitois-Levrault et Comp. ; _aStrasbourg : _bchez F.G. Levrault, _c1839. |
||
| 300 |
_a362 p. ; _c14 cm. |
||
| 490 | 1 | _aMaitre Pierre ou Le savant de village | |
| 490 | 1 |
_aBibliothèque de l'instruction populaire ; _v40 |
|
| 594 | _aEncabezamiento y segunda serie tomados de la BN Opale-Plus. | ||
| 650 | 4 |
_aHistoria moderna- _vMisceláneas. _9135951 |
|
| 740 | 1 | 1 | _aMaitre Pierre ou Le savant de village. |
| 830 | 0 |
_aMaitre Pierre ou Le savant de village _9187710 |
|
| 830 | 0 |
_aBibliothèque de l'instruction populaire ; _v40 _9187711 |
|
| 852 |
_aES-MaACL _jD-5197(1) _z-- Enc. hol. _x-- Edic.: en el lomo consta : "Instruction populaire" |
||
| 999 |
_c164319 _d164319 |
||